| 000 | 00424nam a2200169Ia 4500 | ||
|---|---|---|---|
| 008 | 230524s9999 xx 000 0 und d | ||
| 020 | _a8121924405 | ||
| 082 |
_a621.38 _bTHE |
||
| 100 | _aB.L.Theraja | ||
| 245 | 2 | _aA Text Book of Electrical Technology Vol.I | |
| 260 |
_aNEW DELHI _bS.Chand _c2005 |
||
| 300 | _aXIV;864 | ||
| 500 | _aQuantity Number: 255 | ||
| 650 | _aElectrical | ||
| 700 | _a A.K.Theraja | ||
| 942 | _cBK | ||
| 999 |
_c824 _d824 |
||